Religion and psychology : new research /

Bibliographic Details
Other Authors: Ambrose, Sylvan D.
Format: Book
Language:English
Published: New York : Nova Science Publishers, [2006]
Subjects:
Online Access:Table of contents only

MARC

Tag First Indicator Second Indicator Subfields
LEADER 00000cam a22000004a 4500
001 in00002204331
005 20151104105241.0
008 060124s2006 nyu b 001 0 eng
010 |a  2006002448 
020 |a 1600210201 
024 3 |a 9781600210204 
029 1 |a YDXCP  |b 2389336 
035 |a (OCoLC)ocm63179008 
035 |a (OCoLC)63179008 
040 |a DLC  |c DLC  |d BAKER  |d C#P  |d YDXCP  |d OCLCQ  |d UtOrBLW 
042 |a pcc 
049 |a TXAM 
050 0 0 |a BF51  |b .R44 2006 
082 0 0 |a 201/.615  |2 22 
245 0 0 |a Religion and psychology :  |b new research /  |c Sylvan D. Ambrose, editor. 
264 1 |a New York :  |b Nova Science Publishers,  |c [2006] 
264 4 |c ©2006 
300 |a xi, 311 pages ;  |c 27 cm. 
336 |a text  |b txt  |2 rdacontent 
337 |a unmediated  |b n  |2 rdamedia 
338 |a volume  |b nc  |2 rdacarrier 
504 |a Includes bibliographical references and index. 
541 0 |a 20630 
650 0 |a Psychology and religion  |x Research. 
700 1 |a Ambrose, Sylvan D. 
856 4 1 |3 Table of contents only  |u http://www.loc.gov/catdir/toc/ecip067/2006002448.html  |t 0 
938 |a Baker & Taylor  |b BKTY  |c 79.00  |d .00  |i 1600210201  |n 0006720836  |s active 
938 |a YBP Library Services  |b YANK  |n 2389336 
945 |a PromptCat 
946 |a stk 
947 |a A14835459566 
994 |a 92  |b TXA 
948 |a cataloged  |b h  |c 2006/12/18  |d c  |e tcowden  |f 4:04:17 pm 
999 |a MARS 
999 f f |s 58558d84-7f7f-30ec-a6f5-64d6aea832fb  |i 804a46d6-b01a-3b95-8720-8ade8231608a  |t 0 
952 f f |p normal  |a Texas A&M University  |b College Station  |c Sterling C. Evans Library  |d Evans: Library Stacks  |t 0  |e BF51 .R44 2006  |h Library of Congress classification  |i unmediated -- volume  |m A14835459566 
998 f f |a BF51 .R44 2006  |t 0  |l Evans: Library Stacks